Vplyv rodiny na výchovu dieťaťa k prevencii proti drogám = Child´s education and prevention of drugs in the family : Diplomová práca

Guardado en:
Detalles Bibliográficos
Autor principal: Kecskésová, Monika (Autor)
Otros Autores: Gabková, Jana, 1964- (xxx)
Formato: Manuscrito Libro
Lenguaje:eslovaco
Publicado: Trnava : STU v Bratislave MTF UIPH, 2009
Materias:
Etiquetas: Agregar Etiqueta
Sin Etiquetas, Sea el primero en etiquetar este registro!

MARC

LEADER 00000ntm a22000003a 4500
001 stu198520
005 20160719160143.8
008 100120s2009----xo------------------slo-d
040 |a STU  |b slo 
041 0 |a slo 
044 |a xo 
100 1 |a Kecskésová, Monika  |4 aut 
245 1 |a Vplyv rodiny na výchovu dieťaťa k prevencii proti drogám = Child´s education and prevention of drugs in the family :  |b Diplomová práca 
260 |a Trnava :  |b STU v Bratislave MTF UIPH,  |c 2009 
300 |a 69 s  |c 1 CD-ROM 
500 |a Študijný program: učiteľstvo technických profesijných predmetov 
500 |a Študijný odbor: 1.1.2 učiteľstvo profesijných predmetov a praktickej prípravy 
650 7 |a rodinná výchova  |2 stusub 
650 7 |a drogy  |2 stusub 
700 1 |a Gabková, Jana,  |d 1964-  |4 xxx  |u J0080  |U SjF Strojnícka fakulta  |T SjF Ústav matematiky a fyziky  |X 2363  |U J0080  |Y 808  |7 A000002363 
996 |b 284M077677  |c M*DP-8741  |l MMSKP  |s P  |a 0  |w stu198520_0001